Normal view
MARC view
- Iqbal, Muhammad,
Entry Personal Name
001 - CONTROL NUMBER
- control field: 5788
003 - CONTROL NUMBER IDENTIFIER
- control field: NUST
005 - DATE AND TIME OF LATEST TRANSACTION
- control field: 20171031162623.0
008 - FIXED-LENGTH DATA ELEMENTS
- fixed length control field: 171031|| aca||aabn | a|a d
040 ## - CATALOGING SOURCE
- Original cataloging agency: NUST
- Transcribing agency: NUST
100 ## - HEADING--PERSONAL NAME
- Personal name: Iqbal, Muhammad,
- Titles and other words associated with a name: Sir,
- Dates associated with a name: 1877-1938.
- General subdivision: Family.
670 ## - SOURCE DATA FOUND
- Source citation: Work cat.: (NUST)0: Ṣūfī, Khālid Naẓīr, 1939- 41, Iqbāl darūn-i khānah;, 2003.
